Sports Quiz

Random Sports or Alphabet Quiz

Big 4 Teams Alphabetically Quiz Stats

 Plays Quiz Updated Jun 12, 2017

Challenge
Share
Tweet
Embed
Score 0/123 Timer 20:00
11 Plays Today
League Team % Correct
NFL49ers
90.5%
MLBAngels
89.7%
NBA76ers
88.9%
MLBAthletics
88.8%
MLBAstros
88.1%
NFLBears
84.8%
NFLBengals
83.3%
NHLAvalanche
82.5%
NFLBills
81.9%
NFLBrowns
79.3%
MLBBlue Jays
77.9%
NFLBroncos
77.8%
NHLBruins
76.7%
NFLCardinals
75.6%
MLBBraves
75.4%
NHLBlues
75.3%
NFLBuccaneers
75.1%
MLBCardinals
75.1%
NHLBlackhawks
74.4%
NHLBlue Jackets
74.2%
MLBBrewers
73.1%
NBABulls
72%
NFLChargers
71.9%
NFLCowboys
71.4%
NBABucks
71.3%
NFLChiefs
71%
NBACeltics
70.9%
NHLCanucks
70.8%
NFLColts
70.7%
NBACavaliers
70.6%
NFLEagles
70.5%
NFLGiants
69.6%
NHLCanadiens
69.3%
NFLFalcons
68.8%
MLBGiants
68.5%
MLBYankees
68.2%
NFLDolphins
67.7%
NFLJaguars
67.5%
MLBDodgers
66.8%
NBAClippers
66.8%
MLBDiamondbacks
66.7%
League Team % Correct
MLBCubs
66.6%
NFLJets
66.6%
NBAHornets
66.1%
NBAHeat
65.5%
NHLCapitals
65.3%
NBAKings
64.1%
NHLKings
64%
NBAJazz
63.7%
NFLLions
63.7%
NBALakers
63.6%
NBAWizards
63.1%
NHLFlyers
62.7%
NHLJets
62.7%
NHLFlames
62.2%
MLBReds
62.2%
NFLPackers
62.1%
MLBIndians
61.9%
NHLIslanders
61.9%
NHLDucks
61.7%
NBAKnicks
61.7%
MLBWhite Sox
61.5%
NHLCoyotes
61.2%
MLBRed Sox
61.2%
NFLPatriots
61%
NBAGrizzlies
60.8%
MLBMets
60.6%
MLBPirates
60.6%
NBAHawks
60.5%
NFLPanthers
60.1%
MLBOrioles
60%
MLBRangers
59.8%
MLBMarlins
59.7%
MLBMariners
59.7%
NFLVikings
59.6%
MLBPhillies
59.5%
NFLRedskins
59.1%
NFLTitans
59%
NBANets
58.9%
NHLRangers
58.8%
NHLRed Wings
58.8%
NHLDevils
58.8%
League Team % Correct
NFLRavens
58.3%
NFLRaiders
58.2%
NBAMavericks
58.2%
MLBNationals
58.1%
NBAPelicans
58.1%
MLBPadres
57.9%
NHLPenguins
57.5%
NFLSaints
57.4%
NBAPacers
57.3%
NBAWarriors
57.3%
NFLRams
57.1%
NHLGolden Knights
56.9%
NFLSeahawks
56.8%
NBAMagic
56.5%
NHLWild
55.9%
NFLSteelers
55.8%
NHLPanthers
55.5%
NFLTexans
55.3%
NHLHurricanes
54.6%
MLBRays
54.6%
NHLOilers
54.4%
NHLMaple Leafs
54.2%
MLBTwins
53.9%
NHLLightning
53.8%
NBATimberwolves
53.8%
NBAThunder
53.6%
MLBTigers
53.3%
NBARaptors
53.2%
NBAPistons
53.2%
MLBRockies
53.1%
NBASpurs
52.7%
MLBRoyals
52.7%
NBARockets
52.2%
NBANuggets
52.2%
NHLSenators
50.3%
NBASuns
50.1%
NBATrail Blazers
49.9%
NHLPredators
49.6%
NHLStars
48.7%
NHLSharks
48.1%
NHLSabres
47.1%

You're not logged in!

Compare scores with friends on all Sporcle quizzes.
Join for Free
OR
Log In

You Might Also Like...

Show Comments

Extras

Top Quizzes Today


Score Distribution

Your Account Isn't Verified!

In order to create a playlist on Sporcle, you need to verify the email address you used during registration. Go to your Sporcle Settings to finish the process.

Report this User

Report this user for behavior that violates our Community Guidelines.

Details: